| 000 | 00454nam a2200169 a 4500 | ||
|---|---|---|---|
| 001 | 2028734 | ||
| 005 | 20240226004417.0 | ||
| 008 | 920313s1991 ce 000 0 eng | ||
| 040 |
_aDLC _cDLC _dDLC |
||
| 082 | 0 | 0 |
_a321 _220 _bSil. |
| 100 | 2 | _aSilva, De H.L. | |
| 245 | 1 | 3 |
_aAn Appraisal of the federal alternative for Sri Lanka / _cH.L. de Silva. |
| 260 |
_aDehiwala, Sri Lanka : _c1991. |
||
| 300 | _a41 p. ; | ||
| 650 | 0 | _aFederal government | |
| 942 | _cL | ||
| 999 |
_c482 _d482 |
||